| 000 | 00503nam a2200157 i 4500 | ||
|---|---|---|---|
| 001 | 84836 | ||
| 003 | ES-MaACL | ||
| 005 | 20230906175123.0 | ||
| 007 | t| | ||
| 008 | 041124s1930 gw ||||1| ger d | ||
| 100 | 1 |
_aJohst, Hanns. _966785 |
|
| 245 | 1 | 3 |
_aDie Torheit einer Liebe Mutter ohne Tod / _czwei Erzahlungen Hanns Johst. |
| 260 |
_aMünchen : _bAlbert Langen : _bGeorg Müller, _c[1930] ( _eRegensburg : _fFriedrich Puster) |
||
| 300 |
_a290 p. ; _c21 cm. |
||
| 852 |
_aES-MaACL _jF-15736 _bR.20102 |
||
| 999 |
_c84836 _d84836 |
||